Responses for Show #7964 - Thursday, April 4, 2019

James Holzhauer game 1.

Contestants

[<< previous game]

James Holzhauer, a professional sports gambler from Las Vegas, Nevada

Anna Hautzinger, a veterinarian from Chicago, Illinois

Alex Koral, a regulatory research counsel from Boulder, Colorado (whose 1-day cash winnings total $26,000)

[next game >>]

Jeopardy! Round responses

NATURE STICKS IT TO YOU
THE HIGHEST CAPITAL CITY
BALLPARK CUISINE
U3
(Alex Trebek: There are 3 "U"s in each correct response.)
POTPOURRI
DON'T TREAD ON MEME
    $200 30
quills

Alex
    $200 1
Kathmandu

Alex
    $200 29
Wrigley Field

James
    $200 8
acupuncture

Alex
    $200 26
fondue

James
    $200 28
Cookie Monster

James
    $400 23
(James: What is a ray?)
(Alex Trebek: Be more specific.)
(James: [*]?)

a stingray

James
    $400 2
Mexico City

Alex
    $400 24
Nutella

James
    $400 9
Albuquerque

Alex
    $400 25
Tallahassee

Alex
    $400 27
(James: Who is Christian Bale?)

Ben Affleck

AlexJames
    $600 22
Pamplona

James
    $600 3
Quito

James
    $600 19
a funnel cake

James
    $600 10
unusual

Alex
    $600 20
an attic

Alex
    $600 21
Melania Trump

Alex
    $800 18
a snake

Triple Stumper
    $800 5
Addis Ababa

James
    $800 16
poke

James
    $800 11
soup du jour

James
    $800 14
favoritism

James
    $800 17
Spider-Man

James
    $5,000 15
the eye

James
    $1000 4
Kabul

Alex
    $1000 6
the Diamondbacks

James
    $1000 7
a succubus

Alex
    $1000 12
(Kenneth) Starr

James
    $1000 13
Chuck Norris

Alex

Scores at the first commercial break (after clue 15):

Alex Anna James
$4,800 $0 $10,000

Scores at the end of the Jeopardy! Round:

Alex Anna James
$7,000 $0 $13,800

Double Jeopardy! Round responses

ACCORDING TO THE AUTHOR
WORLD WAR II
TRANSPORTATION
FROM THE GREEK
MUSEUMS
SMALL SCREEN SHOW TUNES
    $400 28
The Hobbit

Alex
    $400 2
(Anna: What is Britain?)

Poland

AnnaJames
    $400 29
the Channel Tunnel

James
    $400 12
butter

James
    $400 1
hair

Alex
    $400 30
Les Misérables

Alex
    $800 27
James Patterson

Alex
    $800 6
the kamikaze

Alex
    $800 26
(Alex Koral: What is Penn Station?)

Grand Central Station

AlexJames
    $800 21
a telescope

James
    $800 25
Louvre

Alex
    $800 24
Sweeney Todd

Alex
    $1200 8
adverbs

James
    $1200 3
the resistance

James
    $1200 20
Bird

Triple Stumper
    $9,812 10
the chorus

James
    $1200 22
Evel Knievel

Alex
    $1200 23
Rent

James
    $1600 9
(Peter) Benchley

James
    $1600 4
declare war on the United States

Alex
    $1600 17
a submarine

James
    $1600 13
lexicon

James
    $1600 16
the Hermitage

James
    $1600 19
Cats

Alex
    $2000 7
(Alex Koral: Who is Longfellow?)

(William) Faulkner

AlexJames
    $3,000 5
Stalin

Alex
    $2000 15
the Karmann Ghia

Triple Stumper
    $2000 11
petroglyphs

Anna
    $2000 14
Bentonville

James
    $2000 18
Kiss Me, Kate

Alex

Scores at the end of the Double Jeopardy! Round:

Alex Anna James
$18,000 $1,600 $40,412
(lock game)

[wagering suggestions for these scores]

Final Jeopardy! Round responses

U.S. BODIES OF WATER
AnnaWhat is the great Salt Lake?
$1,600
AlexWhat is Great Salt Lake?
$2,000
JamesWhat is SGreat Salt Lake? Happy birthday Jack
$3,268
the Great Salt Lake

Final scores:

Alex Anna James
$20,000 $3,200 $43,680
2nd place: $2,000 3rd place: $1,000 New champion: $43,680

Game dynamics:

Coryat scores:

Alex Anna James
$17,000 $1,600 $27,800
25 R
(including 1 DD),
2 W
1 R,
1 W
31 R
(including 2 DDs),
1 W

Combined Coryat: $46,400

[game clues] [game scores] [suggest correction]

Game tape date: 2019-02-05
The J! Archive is created by fans, for fans. Scraping, republication, monetization, and malicious use prohibited; this site may use cookies and collect identifying information. See terms. The Jeopardy! game show and all elements thereof, including but not limited to copyright and trademark thereto, are the property of Jeopardy Productions, Inc. and are protected under law. This website is not affiliated with, sponsored by, or operated by Jeopardy Productions, Inc. Join the discussion at JBoard.tv.